| 000 | 00788nam a2200253 i 4500 | ||
|---|---|---|---|
| 001 | bg | ||
| 100 | 1 | _aLAJTA, Edit | |
| 245 | 1 | 0 |
_aMalarstwo francuskie : _bod gotyku do renesansu / _cEdit Lajta ; [przekł. z franc. Helena Kęszycka]. |
| 246 |
_iTyt. oryg.: _aKorai francia festészet |
||
| 250 | _aWyd.3. | ||
| 260 |
_aWarszawa : _bWydawnictwa Artystyczne i Filmowe, _c1987. |
||
| 300 |
_a21 s., 48, [1] k. tabl. : _bil. ; _c25x23 cm. |
||
| 500 | _aOryg. węg. "Korai francia festészet". | ||
| 504 | _aBibliogr. | ||
| 650 | 9 |
_aMalarstwo francuskie _z13-16 w. |
|
| 655 | _aAlbumy | ||
| 020 | _a8322103778 | ||
| 040 | _cBPK | ||
| 041 | 1 |
_apl _bun |
|
| 080 | _a75.033.5/.034(44)(084.11) | ||
| 920 | _a83-221-0377-8 | ||
| 942 | _cKS | ||
| 008 | s pl f |000 0 pol | ||
| 999 |
_c40723 _d40723 |
||
| 856 |
_uhttp://koha.tu.koszalin.pl/cgi-bin/koha/opac-detail.pl?biblionumber=40723 _yKatalog online BPK |
||